| 000 | 00893nam a22003137a 4500 | ||
|---|---|---|---|
| 005 | 20260311180419.0 | ||
| 008 | 150317b2011 xxu||||| |||| 00| 0 spa d | ||
| 020 | _a9788432309489 | ||
| 041 | _aESP | ||
| 082 | _a364.153 C232m7 | ||
| 100 |
_aCantón Duarte, José _926003 |
||
| 100 |
_aCortés Arboleada, María Rosario _926004 |
||
| 245 | _aMalos tratos y abuso sexual infantil: causas, consecuencias e intervención | ||
| 250 | _a7 edición | ||
| 260 | _aEspaña | ||
| 260 | _bSiglo XXI | ||
| 260 | _c2011 | ||
| 300 | _a406 páginas | ||
| 490 | _aInvestigación Criminal | ||
| 650 | _aDELITOS SEXUALES CONTRA MENORES | ||
| 650 | _aABUSO SEXUAL INFANTIL | ||
| 650 | _aABUSO DE NIÑOS | ||
| 650 | _aNIÑOS MALTRATADOS | ||
| 650 | _aDENUNCIA | ||
| 650 | _aPEDOFILIA | ||
| 650 | _aTEORIA SOCIOLOGICA | ||
| 650 | _aPREVENCION DEL ABUSO SEXUAL INFANTIL | ||
| 942 |
_cBK _2ddc |
||
| 999 |
_c3981 _d3981 |
||